[Event "Niederrhein-ch"]
[Site "Niederrhein"]
[Date "2005.03.26"]
[Round "9"]
[White "Kuhnhenn, Thorsten"]
[Black "Schott, Detlef"]
[Result "1/2-1/2"]
[WhiteElo "1914"]
[BlackElo "1879"]
[PlyCount "21"]
[EventDate "2005.03.18"]
[EventType "swiss"]
[EventRounds "9"]
[EventCountry "GER"]
[SourceTitle "CBM 105 Extra"]
[Source "ChessBase"]
[SourceDate "2005.05.01"]
[SourceVersion "1"]
[SourceVersionDate "2005.05.01"]
[SourceQuality "1"]

1. e4 a6 2. d4 b5 3. Nf3 Bb7 4. Bd3 e6 5. 0-0 c5 6. c3 d6 7. Re1 Nd7 8. Bg5 Be7 9. Bxe7 Nxe7 10. Nbd2 e5 11. a4 1/2-1/2

[Event "Niederrhein-ch"]
[Site "Niederrhein"]
[Date "2005.03.23"]
[Round "6"]
[White "Modlinski, Tobias"]
[Black "Kuhnhenn, Thorsten"]
[Result "0-1"]
[WhiteElo "1910"]
[BlackElo "1914"]
[PlyCount "80"]
[EventDate "2005.03.18"]
[EventType "swiss"]
[EventRounds "9"]
[EventCountry "GER"]
[SourceTitle "CBM 105 Extra"]
[Source "ChessBase"]
[SourceDate "2005.05.01"]
[SourceVersion "1"]
[SourceVersionDate "2005.05.01"]
[SourceQuality "1"]

1. e4 c6 2. d4 d5 3. e5 Bf5 4. Nc3 e6 5. g4 Bg6 6. Nge2 Bb4 7. a3 Bxc3+ 8. Nxc3 Qh4 9. Be3 h5 10. g5 Ne7 11. Qd2 Nd7 12. 0-0-0 Nf5 13. Bf4 0-0 14. Be2 c5 15. dxc5 Qxf2 16. b4 d4 17. Ne4 Qg2 18. Bd3 Qxd2+ 19. Rxd2 a5 20. Kb2 axb4 21. axb4 Ra4 22. Ra1 Rxb4+ 23. Kc1 Ne3 24. Ra5 Nd5 25. Rf2 Nxf4 26. Rxf4 Nxe5 27. Be2 Nc6 28. Ra3 e5 29. Rh4 Bxe4 30. Rxe4 g6 31. Bd3 f5 32. gxf6 Rxf6 33. Re2 Rf1+ 34. Kd2 Rbb1 35. Rg2 Rbd1+ 36. Ke2 Rfe1+ 37. Kf2 Rd2+ 38. Kxe1 Rxg2 39. h3 Nb4 40. Bc4+ Kg7 0-1